00555nam a2200157Ia 4500008004100000082001800041100002500059245001700084260004200101300000900143630001800152650008500170942000900255952011600264999001700380211109s9999||||xx |||||||||||||| ||und|| a821.07bHEA-V aHealth Stubbs John,  0aVerse Satire bOxford University PressaLondonc1969 a120p xGeneral Stack aEnglish literaturev Verse satireHistory and criticism English poetryxEnglish cBOOK 00104070aSBCLbSBCLc2d2021-11-09g100.00l0o821.07 HEA-Vp00039088r2021-11-09 00:00:00w2021-11-09yBOOK c37655d37655